000 00650nab a2200193 4500
001 244442
003 OSt
005 20240822084358.0
007 tu
008 200917s2020|||||||
040 _aDE-2950
_cDE-2950
245 0 0 _aRE 1 vor ungewisser Zukunft
_bBauarbeiten. Pendler zwischen Frankfurt und Berlin sind leidgeplagt, aber es kommt noch schlimmer.. An der Strecke werden Bahnhöfe gebaut. Das hat Folgen/.
_cUlrich Thiessen
264 _c2024
653 _aFrankfurt (Oder)
653 _aRE 1
653 _aBauarbeiten
773 0 _g35. Jahrgang (2024) Nr. 187 vom 12.08.2024, S. 7, mit Foto
_tMärkische Oderzeitung
942 _2z
_cA
999 _c373288
_d373288